000 00525nam a22001697a 4500
003 UA-OsUOA
001 10597
007 ta
008 20050201b un ||||| |||| 00| 0 ukr d
942 _cSA
040 _aUA-OsUOA
_cUA-OsUOA
_dUA-OsUOA
245 _aСтрахові виплати потерпілим на виробництві та членам їхніх сімей
300 _aС.17
955 _a0
773 0 _w0
_tПраця і зарплата
_dКиїв
_d2005
_g№4
650 7 _aПодаткове право
_2UDC
999 _c296758
_d296758